| 000 | 01081nam a2200301 a 4500 | ||
|---|---|---|---|
| 001 | 000107899 | ||
| 003 | CHAP | ||
| 005 | 20220329143948.0 | ||
| 008 | 131115s2011 mx a |r| |||||||spa d | ||
| 010 | _a104361 | ||
| 011 | _a105333 | ||
| 020 | _a9786077761211 | ||
| 040 | _cCHAP | ||
| 082 | 0 | 4 |
_a352.0070972 _bP74 |
| 245 | 0 | 0 |
_aPoder y gobierno local en México 1808-1857 / _ccoordinado por María del Carmen Salinas Sandoval, Diana Birrichaga Gardida y Antonio Escobar Ohmstede. |
| 260 |
_aZinacantepec, Edo. de Méx. : _bEl Colegio Mexiquense _bEl Colegio de Michoacán _bUAM. Facultad de Humanidades, _c2011. |
||
| 300 |
_a424 p. : _bil., gráfs., diags., cuadros. |
||
| 590 |
_aE6096MTM _b05 _c20131115 _lUCH01 _h1250 |
||
| 650 | 1 | 4 |
_aGobierno local. _948410 |
| 650 | 1 | 4 |
_aPoder. _989471 |
| 650 | 1 | 4 |
_aPolítica y gobierno _zMéxico. _990719 |
| 700 | 0 |
_aBirrichaga Gardida, Diana _ecoord. _912927 |
|
| 700 | 0 |
_aEscobar Ohmstede, Antonio _ecoord. _937513 |
|
| 700 | 1 |
_aSalinas Sandoval, María del Carmen _ecoord. _9101703 |
|
| 901 | _aBK | ||
| 942 | _cLIBRO | ||
| 942 | _n0 | ||
| 999 |
_c104361 _d104361 |
||